[Event "MCR v sachu muzu 2020"]
[Site "Plzen"]
[Date "2020.08.31"]
[Round "9.2"]
[White "Hracek, Zbynek"]
[Black "Nguyen, Thai Dai Van"]
[Result "1/2-1/2"]
[WhiteElo "2563"]
[BlackElo "2569"]
[EventDate "2020.08.23"]

1. e4  e5  2. Nf3  Nc6
3. Bb5  Nf6  4. O-O
Nxe4  5. Re1  Nd6
6. Nxe5  Be7  7. Bf1
Nxe5  8. Rxe5  O-O
9. d4  Ne8  10. Re1
d5  11. Bf4  Bd6
12. Bxd6  Nxd6  13. Nd2
c6  14. c3  Bf5
15. Qf3  Qd7  16. Bd3  Rae8
17. Bxf5  Qxf5  18. Qxf5
Nxf5  19. Kf1  f6
20. Rxe8  Rxe8  21. Re1
Kf7  22. Rxe8  Kxe8
23. Ke2  Nd6  24. g4
Ke7  25. Ke3  Ke6
26. h4  h6  27. f3
b6  28. Kd3  f5
29. Ke3  g5  30. hxg5  hxg5
31. Kd3  1/2-1/2

[Event "MCR v sachu muzu 2020"]
[Site "Plzen"]
[Date "2020.08.31"]
[Round "9.3"]
[White "Babula, Vlastimil"]
[Black "Laznicka, Viktor"]
[Result "0-1"]
[WhiteElo "2571"]
[BlackElo "2638"]
[EventDate "2020.08.23"]

1. d4  f5  2. g3  Nf6
3. Bg2  g6  4. b3
Bg7  5. Bb2  d6
6. Nf3  O-O  7. O-O  c6
8. Nbd2  a5  9. c4
Na6  10. Qc2  Qc7
11. a3  Re8  12. c5
Kh8  13. Rfe1  d5
14. Ne5  Nd7  15. Nxd7
Bxd7  16. Nf3  b6
17. cxb6  Qxb6  18. Rab1
f4  19. Ne5  Bf5
20. Nd3  Qb5  21. e4
fxe3  22. Rxe3  Rab8
23. Bf1  c5  24. dxc5
d4  25. Rf3  Qxb3
26. Rc1  Qxc2  27. Rxc2
e5  28. Rxf5  gxf5
29. Nxe5  Rxe5  30. Bxa6
d3  0-1

[Event "MCR v sachu muzu 2020"]
[Site "Plzen"]
[Date "2020.08.31"]
[Round "9.4"]
[White "Havelka, Josef"]
[Black "Stocek, Jiri"]
[Result "1/2-1/2"]
[WhiteElo "2367"]
[BlackElo "2595"]
[EventDate "2020.08.23"]

1. e4  e5  2. Nf3  Nc6
3. Bb5  a6  4. Ba4
g6  5. O-O  Bg7
6. c3  d6  7. d4  b5
8. Bc2  exd4  9. Nxd4
Bb7  10. Nxc6  Bxc6
11. Re1  Ne7  12. Nd2
O-O  13. Nb3  Rb8
14. Be3  Ba8  15. Qd2
Re8  16. Ba7  Rc8
17. Bd4  f6  18. f4
c5  19. Bf2  Qc7
20. Rad1  Rcd8  21. Qe3
a5  22. Qh3  a4
23. Nd2  Nc6  24. a3  Bb7
25. Qg3  Kh8  26. h4
Qf7  27. Qd3  Na7
28. Nf3  Bh6  29. Bg3
Bc6  30. Nh2  Bf8
31. Ng4  h5  32. Nf2
Nc8  33. f5  gxf5
34. exf5  Bh6  35. Ne4
Rg8  36. Bf2  Rg4
37. g3  Bf4  38. Kf1
c4  39. Qf3  Be5
40. Ng5  Qe8  41. Be4
Bxe4  42. Nxe4  Qe7
43. Bd4  Bxd4  44. Rxd4
Re8  45. Rdd1  Rxe4
46. Rxe4  Qxe4  47. Qxh5+
Kg7  48. Qg6+  Kf8
49. Qxf6+  1/2-1/2

[Event "MCR v sachu muzu 2020"]
[Site "Plzen"]
[Date "2020.08.31"]
[Round "9.5"]
[White "Orsag, Milan"]
[Black "Polak, Tomas"]
[Result "1-0"]
[WhiteElo "2300"]
[BlackElo "2563"]
[EventDate "2020.08.23"]

1. d4  Nf6  2. Nf3  b5
3. Bg5  Bb7  4. Nbd2
a6  5. e3  e6
6. a4  b4  7. c4  h6
8. Bh4  d6  9. h3
Nbd7  10. Bd3  g5
11. Bg3  Bg7  12. Qc2
Qe7  13. O-O  O-O
14. Bh2  Rac8  15. Rad1
Rfd8  16. Qb1  Nb6
17. b3  Nbd7  18. Rfe1
Qf8  19. Rc1  a5
20. Red1  c5  21. Ne4
Bxe4  22. Bxe4  cxd4
23. Nxd4  Nxe4  24. Qxe4
Nc5  25. Qb1  f5
26. f3  Rd7  27. Rd2
f4  28. Re1  Re8
29. Kh1  Qf7  30. exf4
gxf4  31. Red1  d5
32. Ne2  dxc4  33. Rxd7
Nxd7  34. bxc4  Nb6
35. Bxf4  Nxa4  36. Qc1
Qg6  37. Qe3  Nb2
38. Rd7  a4  39. Qa7
Nxc4  40. Qxa4  Nb6
41. Rxg7+  Kxg7  42. Qa7+
Kg8  43. Qxb6  Qd3
44. Ng3  Rf8  45. Qxe6+
Rf7  46. Be5  Kf8
47. Bd6+  1-0

[Event "MCR v sachu muzu 2020"]
[Site "Plzen"]
[Date "2020.08.31"]
[Round "9.6"]
[White "Simacek, Pavel"]
[Black "Sorm, Daniel"]
[Result "0-1"]
[WhiteElo "2474"]
[BlackElo "2343"]
[EventDate "2020.08.23"]

1. d4  d5  2. c4  dxc4
3. e4  b5  4. a4
c6  5. axb5  cxb5
6. b3  e5  7. Nf3
Nf6  8. bxc4  Nxe4
9. Bd3  Bb4+  10. Nbd2
Nc5  11. Bb1  exd4
12. O-O  O-O  13. cxb5
Bb7  14. Qc2  d3
15. Qc4  a5  16. Ba3
Qd5  17. Rc1  Nbd7
18. Bxb4  Qxc4  19. Rxc4
axb4  20. Rxa8  Rxa8
21. Rxb4  Ra3  22. Kf1
Kf8  23. Ke1  Bd5
24. Kd1  Rc3  25. Ne1
Nb6  26. Rd4  Bb3+
27. Nxb3  Nxb3  28. Rxd3
Rc1+  29. Ke2  Rxb1
30. Rd6  Nc4  31. Rd5
Nba5  32. Nd3  Ke7
33. g4  f6  34. f4
Ke6  35. Rc5  Kd6
36. h4  Nb2  37. Rh5
Nxd3  38. Kxd3  h6
39. g5  hxg5  40. hxg5
Rxb5  41. Rh7  Rb7
42. Ke4  Ke6  43. f5+
Kd6  44. Kf4  Kd5
45. Kg4  Ke5  0-1

[Event "MCR v sachu muzu 2020"]
[Site "Plzen"]
[Date "2020.08.31"]
[Round "9.7"]
[White "Finek, Vaclav"]
[Black "Mica, Marek"]
[Result "1/2-1/2"]
[WhiteElo "2344"]
[BlackElo "2315"]
[EventDate "2020.08.23"]

1. Nf3  Nf6  2. c4  e6
3. d4  b6  4. g3
Bb7  5. Bg2  g6
6. O-O  Bg7  7. Qc2  Be4
8. Qb3  c6  9. Nc3
O-O  10. Nxe4  Nxe4
11. Ne5  d5  12. cxd5
cxd5  13. Be3  Nc5
14. Qa3  Ncd7  15. f4
Nxe5  16. fxe5  Nc6
17. Qd3  Rc8  18. Rac1
Qd7  19. Bg5  Nb4 20. Qb3
Rxc1  21. Rxc1  Nc6
22. Qe3  Rc8  23. h4
Ne7 24. Rf1  Nf5  25. Qf2
h5  26. Bh3  Qa4 27. e3
Rc2  28. Qf3 Rxb2  29. g4
Qc2  30. Rf2  Qxf2+
31. Qxf2  Rxf2  32. Kxf2
hxg4  33. Bxg4  Kh7 34. a4
Bh6  35. Be2  Bxg5
36. hxg5  Kg7 37. Bb5  Kf8
38. Kf3  Ke7  39. Kf2
Kd8  40. Kf3  Ng7
41. Ke2  Kc7  42. Ba6
Nf5 43. Kf2  Ne7  44. Ke2
Nc6  45. Kd2  Nb8
46. Bb5  Kd8  47. e4
a6  48. Be2  dxe4
49. Ke3  Kc7  50. Kxe4
Kc6  51. Bc4  Kd7
52. Be2  1/2-1/2

[Event "MCR v sachu muzu 2020"]
[Site "Plzen"]
[Date "2020.08.31"]
[Round "9.8"]
[White "Kozusek, Daniel"]
[Black "Brejnik, Gustav"]
[Result "1-0"]
[WhiteElo "2307"]
[BlackElo "2265"]
[EventDate "2020.08.23"]

1. c4  c6  2. Nc3  d5
3. d4  Nf6  4. cxd5
cxd5  5. Bf4  Nc6
6. e3  a6  7. Rc1
Bf5  8. Nf3  Rc8
9. Ne5  Nxe5  10. dxe5
Ne4  11. Bd3  Nxc3
12. Bxf5  Nxd1  13. Rxc8
Nxb2  14. Rxd8+  Kxd8
15. e6  fxe6  16. Bxe6
Nd3+  17. Ke2  Nxf4+
18. exf4  Kc7  19. Bxd5
e6  20. Rc1+  Kb8
21. Bxe6  Ba3  22. Rc3
Bb2  23. Rb3  Re8
24. Rxb2  Rxe6+  25. Kf3
Kc7  26. f5  Rc6
27. Rd2  b5  28. Ke4
Rc5  29. h3  b4
30. g4  a5  31. g5  g6
32. f6  Rxg5  33. Rd5
Rxd5  34. Kxd5  Kd7
35. Kc5  Ke6  36. Kb5
h5  37. Kxa5  g5
38. Kxb4  h4  39. f3
Kxf6  40. a4  Ke5
41. a5  Kf4  42. a6
Kg3  43. a7  Kxh3
44. a8=Q  Kg3  45. Qe4
h3  46. Qg4+  Kh2
47. Kc3  1-0

[Event "MCR v sachu muzu 2020"]
[Site "Plzen"]
[Date "2020.08.31"]
[Round "9.9"]
[White "Riha, Vojtech"]
[Black "Hurdzan, Tomas"]
[Result "1-0"]
[WhiteElo "2270"]
[BlackElo "2325"]
[EventDate "2020.08.23"]

1. e4  e6  2. d4  d5
3. Nd2  Be7  4. e5
c5  5. dxc5  Nc6
6. Ngf3  Bxc5  7. Bd3
Nge7  8. Nb3  Bb6
9. Bf4  Ng6  10. Bg3
O-O  11. c3  Bd7
12. Qe2  f5  13. exf6
Qxf6  14. Bxg6  Qxg6
15. O-O  Rae8  16. Nbd4
Rf6  17. Ne5  Nxe5
18. Bxe5  Rff8  19. f4
a6  20. Rf3  Rf7
21. Re1  Bxd4+  22. Bxd4
Bb5  23. Qf2  Ref8
24. h3  Qh6  25. Qg3
Bd7  26. Be5  Bc6
27. Qg4  Qg6  28. Qh4
Qc2  29. Rg3  Re8
30. Qh6  g6  31. h4
d4  32. h5  Be4
33. Rxe4  1-0

[Event "MCR v sachu muzu 2020"]
[Site "Plzen"]
[Date "2020.08.31"]
[Round "9.10"]
[White "Klement, Lukas"]
[Black "Hollan, Martin"]
[Result "0-1"]
[WhiteElo "2260"]
[BlackElo "2346"]
[EventDate "2020.08.23"]

1. d4  Nf6  2. c4  e6
3. Nc3  Bb4  4. e3
O-O  5. Nge2  c5
6. a3  cxd4  7. exd4
Be7  8. Nf4  b6
9. Be2  Bb7  10. O-O  d6
11. Be3  Nbd7  12. Rc1
Rc8  13. b4  Qc7
14. Nb5  Qb8  15. d5
e5  16. Ne6  Rfe8
17. Ng5  h6  18. Nh3
Bf8  19. f3  a6
20. Nc3  Ba8  21. Qd2  b5
22. cxb5  axb5  23. Nf2
Rxc3  24. Qxc3  Nxd5
25. Qd3  e4  26. fxe4
Ne5  27. Qd4  Nxe3
28. Qxe3  d5  29. Ng4
dxe4  30. Qg3  Bd6
31. Nxh6+  Kh7  32. Qh3
gxh6  33. Rf6  Bf8
34. Qf5+  Kg8  35. Bh5
Qb7  36. Kh1  e3
37. Rcc6  e2  38. Bxf7+
Nxf7  39. Qg6+  Bg7
40. Rce6  e1=Q+  0-1

[Event "MCR v sachu muzu 2020"]
[Site "Plzen"]
[Date "2020.08.31"]
[Round "9.11"]
[White "Cerveny, Petr"]
[Black "Freisler, Pavel"]
[Result "1-0"]
[WhiteElo "2340"]
[BlackElo "2249"]
[EventDate "2020.08.23"]

1. e4  e5  2. Nf3  Nc6
3. Bb5  Nf6  4. Qe2
Bd6  5. d4  Qe7
6. Bxc6  dxc6  7. dxe5  Bxe5
8. Nxe5  Qxe5  9. Nc3
O-O  10. f3  b5
11. Be3  b4  12. Na4  a5
13. O-O-O  Ba6  14. Qd2
Bb5  15. Nc5  Qe7
16. Bd4  Rfd8  17. Qg5
Kf8  18. Nb7  h6
19. Qe3  Rxd4  20. Qxd4
Kg8  21. Kb1  a4
22. Nc5  b3  23. cxb3
axb3  24. a4  Be2
25. Rd2  Ra5  26. Qd8+
Qxd8  27. Rxd8+  Kh7
28. Rc1  g5  29. Rd2
Ba6  30. Nxb3  Rxa4
31. Nc5  1-0

[Event "MCR v sachu muzu 2020"]
[Site "Plzen"]
[Date "2020.08.31"]
[Round "9.12"]
[White "Nemec, Pavel"]
[Black "Serrano, Salvador Eduardo"]
[Result "0-1"]
[WhiteElo "2243"]
[BlackElo "2299"]
[EventDate "2020.08.23"]

1. e4  c5  2. Nf3  e6
3. d4  cxd4  4. Nxd4
Nc6  5. Nc3  Qc7
6. Nxc6  bxc6  7. Bd3
Nf6  8. O-O  d5
9. Qe2  Be7  10. e5  Nd7
11. f4  Nc5  12. Qg4
Nxd3  13. cxd3  Qb6+
14. Kh1  g6  15. Qe2
c5  16. b3  Ba6
17. Rf3  Rc8  18. Be3  Qc7
19. Bf2  Qa5  20. Be1
Qb6  21. Rb1  Qc6
22. Bf2  f5  23. Qe1
Qd7  24. Bh4  O-O
25. Bxe7  Qxe7  26. Na4
Rc6  27. h4  h5
28. Kh2  Rb8  29. Kg3  Rb4
30. a3  Rb8  31. b4
cxb4  32. axb4  d4
33. Nc5  Bc8  34. Ra1
Rcb6  35. Ra4  Rb5
36. Rf2  a5  37. Rfa2
Rxb4  38. Rxa5  Rb1
39. Qf2  Rh1  40. Kf3
Bb7+  41. Nxb7  Qxb7+
42. Kg3  Qe7  43. Kf3
Rxh4  44. Ra7  Qd8
45. Rc2  Rg4  46. Rcc7
Qd5+  47. Ke2  Rxg2
48. Rg7+  Kf8  49. Raf7+
Ke8  50. Re7+  Kd8
51. Rd7+  Qxd7  52. Rxd7+
Kxd7  53. Qxg2  Rb2+
54. Kf3  Rxg2  55. Kxg2
Kc6  56. Kh3  Kc5
57. Kh4  Kb4  58. Kg5
Kc3  59. Kf6  h4
0-1

[Event "MCR v sachu muzu 2020"]
[Site "Plzen"]
[Date "2020.08.31"]
[Round "9.13"]
[White "Rabatin, Jakub"]
[Black "Svanda, Ondrej"]
[Result "1-0"]
[WhiteElo "2291"]
[BlackElo "2250"]
[EventDate "2020.08.23"]

1. e4  c5  2. Nf3  d6
3. d4  cxd4  4. Nxd4
Nf6  5. Nc3  a6
6. f4  e5  7. Nf3  Qc7
8. Bd3  Be6  9. Qe2
b5  10. O-O  Nbd7
11. Kh1  Be7  12. Bd2
Rc8  13. a4  b4
14. Nd5  Nxd5  15. exd5  Bxd5
16. Rae1  O-O  17. Bxb4
a5  18. Bc3  Nc5
19. fxe5  Nxd3  20. cxd3
Qb7  21. Qf2  dxe5
22. Nxe5  f6  23. Ng4
Bc5  24. Qg3  Kh8
25. Nxf6  Bd6  26. Qxd6
Bxg2+  27. Kg1  Bxf1
28. Rxf1  Qf7  29. Rf2
Rxc3  30. bxc3  gxf6
31. c4  Qe8  32. Kf1
Qc8  33. Rf3  Rf7
34. c5  Qb7  35. c6
Qb2  36. Qd8+  Kg7
37. Rg3+  Kh6  38. Qd5
Re7  39. Rh3+  Kg7
40. Rg3+  Kh6  41. Qf3
Qb1+  42. Kg2  Qa2+
43. Kh3  Qe6+  44. Kh4
Qe5  45. d4  Qxd4+
46. Rg4  Qe5  47. Qf4+
Qxf4  48. Rxf4  Kg6
49. Rc4  Rc7  50. Kg4
f5+  51. Kf4  Kf6
52. Rc5  Ke6  53. h4
Kd6  54. Rxf5  Kxc6
55. Rxa5  Kd7  56. Kg5
Rc6  57. Ra7+  Ke8
58. h5  Kf8  59. a5
Kg8  60. Re7  Kf8
61. Re5  Kf7  62. Rb5
Ra6  63. Kf5  Ra7
64. Ke5  Ke7  65. Kd5
Kd7  66. Kc5  Kc7
67. Kb4  Ra6  68. Rf5
Rh6  69. Kb5  Kb7
70. Rg5  Kb8  71. Rc5
Rd6  72. Rc6  Rd7
73. Kb6  Rb7+  74. Kc5
Ra7  75. a6  Rf7
76. Kd6  Ka7  77. Ke6
Rf1  78. Ke7  Rf2
79. Rh6  Rf1  80. Rxh7
Kxa6  81. Rf7  Rh1
82. Rf6+  Kb7  83. h6
Kc7  84. Kf7  Kd7
85. Kg7  Ke7  86. Rg6
1-0

[Event "MCR v sachu muzu 2020"]
[Site "Plzen"]
[Date "2020.08.31"]
[Round "9.14"]
[White "Vorisek, Jaroslav"]
[Black "Eret, Jonas"]
[Result "1-0"]
[WhiteElo "2279"]
[BlackElo "2219"]
[EventDate "2020.08.23"]

1. d4  e6  2. c4  Nf6
3. g3  d5  4. Bg2
c6  5. Nf3  Bd6
6. Qc2  Ne4  7. O-O  Nd7
8. Ne1  f5  9. Nd3
g5  10. cxd5  cxd5
11. f3  Nxg3  12. hxg3
Bxg3  13. e4  dxe4
14. fxe4  Nf6  15. Nc3
Qxd4+  16. Kh1  Nxe4
17. Nxe4  fxe4  18. Qe2
Qg7  19. Bxe4  Qh6+
20. Kg1  e5  21. Nxe5
1-0

[Event "MCR v sachu muzu 2020"]
[Site "Plzen"]
[Date "2020.08.31"]
[Round "9.15"]
[White "Pychova, Nela"]
[Black "Stalmach, Richard"]
[Result "0-1"]
[WhiteElo "2159"]
[BlackElo "2273"]
[EventDate "2020.08.23"]

1. c4  g6  2. Nc3  Bg7
3. g3  d6  4. Bg2
e5  5. Nf3  Nf6
6. O-O  O-O  7. d3  h6
8. Rb1  a5  9. a3
Re8  10. Nd2  c6
11. b4  axb4  12. axb4
d5  13. b5  Be6
14. Bb2  Nbd7  15. Ra1  Bf8
16. Qc2  d4  17. Nce4
cxb5  18. Nxf6+  Nxf6
19. Bxb7  Rxa1  20. Rxa1
Qc7  21. Ba6  Rb8
22. Qc1  b4  23. Bb5
Bc8  24. Qd1  Nd7
25. Nb3  Bb7  26. Ra7
Nc5  27. Nxc5  Bxc5
28. Ra4  h5  29. Qd2
Qe7  30. f3  Kg7
31. Bc1  Rh8  32. h4
Qe6  33. Kh2  f6
34. Qe1  Qf5  35. Bd2
g5  36. Bxb4  Bxb4
37. Qxb4  gxh4  38. Qe7+
Kh6  39. Ra7  Qg5
40. Rxb7  Qxg3+  41. Kh1
Qh3+  42. Kg1  Rg8+
43. Kf2  Qg3+  44. Kf1
Qg1# 0-1

[Event "MCR v sachu muzu 2020"]
[Site "Plzen"]
[Date "2020.08.31"]
[Round "9.17"]
[White "Vybiral, Zdenek"]
[Black "Zeman, Matyas"]
[Result "1-0"]
[WhiteElo "2221"]
[BlackElo "2250"]
[EventDate "2020.08.23"]

1. c4  f5  2. d4  Nf6
3. Nc3  g6  4. Nf3
Bg7  5. Bf4  d6
6. Qc2  O-O  7. O-O-O  c6
8. e3  Qa5  9. Nd2
e5  10. Nb3  Qc7
11. Bg3  Nh5  12. Bh4
a5  13. dxe5  dxe5
14. Be2  a4  15. Nd2
a3  16. b4  Nf6
17. c5  Be6  18. Bc4  Qf7
19. Qb3  Bxc4  20. Nxc4
e4  21. Kc2  Na6
22. Nb6  Rad8  23. Qxf7+
Kxf7  24. Kb3  Nc7
25. Kxa3  Ne6  26. Kb3
g5  27. Bg3  f4
28. exf4  Nxf4  29. h4  h6
30. Nc4  Rxd1  31. Rxd1
N6d5  32. Nxe4  Ne2
33. hxg5  Nd4+  34. Kb2
Nf3+  35. Kc1  Nxg5
36. Nxg5+  hxg5  37. a3
Kg6  38. Re1  g4
39. Kc2  Kg5  40. Nd6
b5  41. cxb6  Nxb6
42. Re7  Bd4  43. Rc7
1-0

[Event "MCR v sachu muzu 2020"]
[Site "Plzen"]
[Date "2020.08.31"]
[Round "9.18"]
[White "Gloser, David"]
[Black "Paseka, Matyas"]
[Result "1-0"]
[WhiteElo "2248"]
[BlackElo "1959"]
[EventDate "2020.08.23"]

1. f4  d5  2. Nf3  Nf6
3. b3  g6  4. Bb2
Bg7  5. e3  O-O
6. Be2  c5  7. O-O  Nc6
8. Ne5  Qc7  9. Bf3
e6  10. c4  Nd7
11. d4  Ndxe5  12. dxe5  dxc4
13. bxc4  Rd8  14. Qe2
Qd7  15. Nc3  Qd2
16. Qxd2  Rxd2  17. Na4
Bd7  18. Bc1  Rc2
19. Nxc5  Be8  20. Nxb7
Rb8  21. Nd6  Nxe5
22. fxe5  Bxe5  23. Ba3
Bxa1  24. Rxa1  Ba4
25. Bc5  Rd8  26. Bd1
1-0

[Event "MCR v sachu muzu 2020"]
[Site "Plzen"]
[Date "2020.08.31"]
[Round "9.19"]
[White "Folk, Petr"]
[Black "Novotny, Michal"]
[Result "1/2-1/2"]
[WhiteElo "2122"]
[BlackElo "2246"]
[EventDate "2020.08.23"]

1. e4 e6  2. d4  d5  3. Nc3
Bb4  4. e5  c5
5. a3  Ba5  6. Bd2  Nc6
7. Nb5  Bxd2+  8. Qxd2
Nxd4  9. Nxd4  cxd4
10. Nf3  Ne7  11. Nxd4
O-O  12. f4  Nc6
13. O-O-O  f6  14. exf6
Qxf6  15. g3  Bd7
16. Bg2  Rac8  17. Rhe1
Qh6  18. Nxe6  Rf6
19. Ng5  d4  20. Bd5+
Kh8  21. Re4  Qh5
22. Bxc6  Rfxc6  23. Rxd4
h6  24. c3  Be8
25. Ne4  Bg6  26. Nd6  Rf8
27. f5  Rxd6  28. Rxd6
Qxf5  29. Rxg6  Qxg6
30. Qd3  Qb6  31. Rf1
Rd8  32. Qe4  Qb5
33. Re1  Qb3  34. Qe7
Qd5  35. Qe2  Qf5
36. Qe4  Qf2  37. Qe2
Qf5  38. Rf1  Qg6
39. Re1  1/2-1/2

[Event "MCR v sachu muzu 2020"]
[Site "Plzen"]
[Date "2020.08.31"]
[Round "9.20"]
[White "Nemec, Jachym"]
[Black "Kusa, Jakub"]
[Result "1/2-1/2"]
[WhiteElo "2150"]
[BlackElo "2239"]
[EventDate "2020.08.23"]

1. d4  Nf6  2. Nf3  e6
3. g3  d5  4. Bg2
b5  5. O-O  Be7
6. a4  b4  7. c4  Bb7
8. Nbd2  O-O  9. c5
a5  10. b3  Nbd7
11. Bb2  Ne4  12. Qc2
Nxd2  13. Nxd2  Bc6
14. Rad1  g6  15. Rfe1
Bf6  16. h4  Bg7
17. Nf1  f5  18. Bc1
Nf6  19. Bg5  h6
20. Bxf6  Qxf6  21. f4
Qe7  22. e3  Bf6
23. Bf3  Kf7  24. Kf2
Bb7  25. Ke2  Ba6+
26. Kd2  c6  27. Be2
Bb7  28. Kc1  Ke8
29. Nd2  Kd7  30. Rh1
Rf7  31. Nf3  Rg8
32. Rdg1  1/2-1/2

[Event "MCR v sachu muzu 2020"]
[Site "Plzen"]
[Date "2020.08.31"]
[Round "9.21"]
[White "Novotny, Martin"]
[Black "Stinka, Jakub"]
[Result "0-1"]
[WhiteElo "2180"]
[BlackElo "2299"]
[EventDate "2020.08.23"]

1. d4  Nf6  2. c4  e6
3. Nf3  d5  4. g3
Bb4+  5. Bd2  a5
6. a3  Bxd2+  7. Nbxd2
O-O  8. Bg2  a4
9. O-O  b6  10. Qc2  Nbd7
11. Rfd1  Ba6  12. Rac1
c5  13. cxd5  exd5
14. e3  Re8  15. Re1
Bb5  16. Nb1  Qe7
17. Nc3  Bc6  18. dxc5
bxc5  19. Red1  g6
20. Ne1  Nb6  21. Nd3
Red8  22. Nb1  Nc4
23. Nd2  Bb5  24. Qc3
Rac8  25. Nxc4  Bxc4
26. Nf4  Bb3  27. Rd3
Ne4  28. Bxe4  Qxe4
29. Qd2  g5  30. Ne2
Qf5  31. Rdc3  Bc4
32. Rd1  Re8  33. Nc1
h6  34. Nd3  Qf3
35. Ne1  Qg4  36. f3
Qe6  37. Rdc1  f5
38. Qf2  Rb8  39. R1c2
Rb7  40. Ng2  Reb8
41. Ne1  Qe5  42. f4
gxf4  43. exf4  Qd4
44. Nd3  Qxf2+  45. Rxf2
Bxd3  46. Rxd3  d4
47. Rdd2  Kf7  48. Rfe2
Re7  49. h3  h5
50. g4  hxg4  51. hxg4  fxg4
52. Kf2  Rb3  53. Rc2
Rxe2+  54. Rxe2  Kf6
55. Rc2  Kf5  56. Rxc5+
Kxf4  57. Rc2  g3+
58. Kg2  d3  59. Rc4+
Ke3  0-1

[Event "MCR v sachu muzu 2020"]
[Site "Plzen"]
[Date "2020.08.31"]
[Round "9.22"]
[White "Nytra, Ondrej"]
[Black "Toman, Ondrej"]
[Result "1/2-1/2"]
[WhiteElo "1925"]
[BlackElo "2233"]
[EventDate "2020.08.23"]

1. e4  c6  2. d4  d5
3. e5  Bf5  4. c3
e6  5. Be3  Qb6
6. Qb3  Nd7  7. Nd2  f6
8. f4  g5  9. Ngf3
g4  10. Nh4  Nh6
11. Be2  Be7  12. O-O
O-O-O  13. g3  Rdg8
14. Bf2  fxe5  15. Nxf5
Nxf5  16. dxe5  Bc5
17. Qxb6  Bxb6  18. Bd3
Rf8  19. Nb3  Bxf2+
20. Rxf2  c5  21. c4
d4  22. Nd2  Re8
23. Ne4  Kc7  24. Ng5
Ne3  25. Nf7  Rhf8
26. Nd6  Re7  27. Be4
Rb8  28. Rc1  a6
29. Rd2  h5  30. b4
b6  31. a3  h4
32. Rb1  Rh8  33. Rdb2  hxg3
34. hxg3  Rh3  35. Rh2
Rxg3+  36. Kf2  Rh3
37. Rxh3  gxh3  38. Rh1
Ng4+  39. Kg3  Ngxe5
40. fxe5  Nxe5  41. bxc5
bxc5  42. Nb7  Nxc4
43. Nxc5  Kd6  44. Nb7+
Ke5  45. Bd3  Rg7+
46. Kxh3  Ne3  47. Nc5
Rc7  48. Rc1  a5
1/2-1/2

[Event "MCR v sachu muzu 2020"]
[Site "Plzen"]
[Date "2020.08.31"]
[Round "9.23"]
[White "Kawulok, Marek"]
[Black "Hlozek, David"]
[Result "1-0"]
[WhiteElo "2226"]
[BlackElo "2037"]
[EventDate "2020.08.23"]

1. e4  c5  2. Nf3  d6
3. c3  Nf6  4. Be2
g6  5. O-O  Bg7
6. Bb5+  Bd7  7. Bxd7+  Nbxd7
8. Re1  O-O  9. d4
cxd4  10. cxd4  Nb6
11. Nc3  Rc8  12. Qe2
Nfd7  13. Bf4  e5
14. dxe5  dxe5  15. Be3
a6  16. Red1  Qe7
17. Nd5  Nxd5  18. Rxd5
Nc5  19. Bxc5  Rxc5
20. Rad1  Rxd5  21. Rxd5
Rd8  22. Rxd8+  Qxd8
23. Qd2  Qxd2  24. Nxd2
f6  25. Nc4  Bf8
26. Nb6  Kf7  27. Nd5
Ke6  28. Kf1  Bc5
29. Ke2  f5  30. f3
Bd4  31. b3  fxe4
32. fxe4  Kd6  33. Kd3
h5  34. Kc4  Ke6
35. a4  g5  36. h3
g4  37. hxg4  hxg4
38. Nc7+  Kf6  39. Kd5
Kg5  40. Ne6+  1-0

[Event "MCR v sachu muzu 2020"]
[Site "Plzen"]
[Date "2020.08.31"]
[Round "9.24"]
[White "Vorisek, Jakub"]
[Black "Nagy, Ladislav"]
[Result "0-1"]
[WhiteElo "2205"]
[BlackElo "2150"]
[EventDate "2020.08.23"]

1. e4  e5  2. Nf3  Nc6
3. Bb5  f5  4. d4
fxe4  5. Nxe5  Nxe5
6. dxe5  c6  7. Bc4
Qa5+  8. Nc3  Qxe5
9. Bxg8  Rxg8  10. O-O
d5  11. Kh1  Bd6
12. f4  Qe7  13. Be3
Rf8  14. Qd2  Be6
15. Rad1  Bc5  16. Na4
Bxe3  17. Qxe3  g6
18. c4  Kf7  19. Nc5
Kg8  20. Nxe6  Qxe6
21. cxd5  cxd5  22. Qb3
Rad8  23. Qxb7  e3
24. Rde1  d4  25. Rf3
Rd7  26. Qb5  Qf5
27. Qc4+  Kg7  28. Kg1
Re8  29. h3  d3
30. Qc3+  Qf6  0-1

[Event "MCR v sachu muzu 2020"]
[Site "Plzen"]
[Date "2020.08.31"]
[Round "9.25"]
[White "Bartos, Jan"]
[Black "Ludvik, Tomas"]
[Result "1/2-1/2"]
[WhiteElo "2131"]
[BlackElo "2202"]
[EventDate "2020.08.23"]

1. d4  Nf6  2. Nf3  d5 3. c4
dxc4  4. e3  a6
5. Bxc4  e6  6. O-O  b5
7. Be2  Bb7  8. a4
b4  9. Nbd2  Nbd7
10. Nc4  c5  11. dxc5
Ne4  12. Nb6  Nxb6
13. cxb6  Qxb6  14. a5
Qc7  15. Qa4+  Bc6
16. Qc2  Bd6  17. h3
Ke7  18. Nd4  Bh2+
19. Kh1  Bb7  20. Bd3
Qxc2  21. Bxc2  Bd6
22. Bxe4  Bxe4  23. Bd2
Rhc8  24. Rfc1  Kd7
25. f3  Bb7  26. Nc2
Be5  27. Nxb4  Bxb2
28. Rxc8  Rxc8  29. Rb1
Bf6  30. e4  Rc4
31. Nd3  Kc8  32. Bf4
1/2-1/2

[Event "MCR v sachu muzu 2020"]
[Site "Plzen"]
[Date "2020.08.31"]
[Round "9.26"]
[White "Houska, Jiri"]
[Black "Vojta, Jakub"]
[Result "1-0"]
[WhiteElo "2202"]
[BlackElo "2093"]
[EventDate "2020.08.23"]

1. d4  d5  2. c4  dxc4
3. Nf3  Nf6  4. e3
a6  5. Bxc4  b5
6. Bd3  Bb7  7. Qe2  e6
8. O-O  Nbd7  9. a4
b4  10. e4  Be7
11. Nbd2  c5  12. e5  Nd5
13. Nb3  cxd4  14. Bd2
O-O  15. Rfc1  Nc3
16. bxc3  dxc3  17. Bf4
Bd5  18. Nfd4  Nc5
19. Bc2  Qb6  20. a5
Qb7  21. Qg4  Rfd8
22. Bh6  g6  23. Re1
Rac8  24. h4  Bf8
25. Bxf8  Kxf8  26. h5
Nxb3  27. Nxb3  Qe7
28. Rad1  Rc4  29. Rd4
Rxd4  30. Nxd4  Rb8
31. Nb3  Rb5  32. Re3
Bxb3  33. Bxb3  Rxa5
34. hxg6  hxg6  35. Qf4
Ke8  36. Rh3  Qf8
37. Qf6  Ra3  38. Bxe6
c2  39. Bxf7+  Kd7
40. Be6+  Kc7  41. Rh7+
Kb6  42. Qxf8  c1=Q+
43. Kh2  1-0

[Event "MCR v sachu muzu 2020"]
[Site "Plzen"]
[Date "2020.08.31"]
[Round "9.27"]
[White "Koubova, Anna Marie"]
[Black "Simet, Martin"]
[Result "1-0"]
[WhiteElo "2099"]
[BlackElo "2194"]
[EventDate "2020.08.23"]

1. d4  d6  2. g3  g6
3. Bg2  Bg7  4. e4
Nd7  5. Nf3  e5
6. O-O  Ne7  7. Nc3  O-O
8. Re1  Re8  9. Be3
a6  10. a4  b6
11. Qd2  Rb8  12. Bg5  f6
13. Bh6  Nf8  14. Rad1
Be6  15. Bf1  Qc8
16. Qe3  Qb7  17. Rd2
exd4  18. Nxd4  Bf7
19. Bg2  Qc8  20. Rdd1
c5  21. Bxg7  Kxg7
22. Nde2  d5  23. exd5
Nxd5  24. Qf3  Nb4
25. Ne4  Qf5  26. Nd6
Qxf3  27. Nxe8+  Rxe8
28. Bxf3  Nxc2  29. Rf1
Bc4  30. Rd2  Nd4
31. Nxd4  Bxf1  32. Kxf1
cxd4  33. Rxd4  Ne6
34. Rd6  Nc5  35. Rxb6
Nxa4  36. Rb7+  Kf8
37. Bc6  Nc5  38. Rxh7
Re6  39. Bd5  Rd6
40. Bc4  Ne4  41. Be2
Rb6  42. Bd3  Nd2+
43. Kg2  f5  44. Ra7
Rxb2  45. Rxa6  Kf7
46. h4  Ne4  47. Bxe4
fxe4  48. Kf1  Kg7
49. Ra4  e3  50. fxe3
Kf6  51. Ra6+  Kf5
52. e4+  Kxe4  53. Rxg6
Kf3  54. Kg1  Rg2+
55. Kh1  Re2  56. h5
Re5  57. h6  Ra5
58. Kg1  Rh5  59. g4
Rh4  60. g5  1-0